000 00312nam a22001337a 4500
008 170911b xxu||||| |||| 00| 0 eng d
020 _a9780691087504
041 _aeng
080 _a91
100 _a42
101 _aGJEO
245 _aTHE HISTORY AND GEOGRAPHY OF HUMAN GENES
_cCAVALLI,.L.L
942 _2udc
_cBK
999 _c27000
_d27000